[Event "2017 South African Open Ch"]
[Site "Durban"]
[Date "2017.07.19"]
[Round "8"]
[White "Jacobs, Kevin T"]
[Black "Bhawoodien, Shabir Hussain"]
[Result "1-0"]
[WhiteElo "1882"]
[BlackElo "2066"]
[Annotator "NA"]
[PlyCount "39"]
[EventDate "2017.??.??"]
[EventCountry "RSA"]
[SourceTitle "playchess.com"]
[Source "ChessBase"]
[SourceQuality "1"]
[TimeControl "5400+30"]

1. e4 {[%emt 0:01:35]} e5 {[%emt 0:04:47]} 2. f4 {[%emt 0:00:55]} Bc5 {[%emt 0:00:39]} 3. Nf3 {[%emt 0:00:17]} d6 {[%emt 0:00:08]} 4. c3 {[%emt 0:00:48]} Qe7 {[%emt 0:03:44]} 5. d4 {[%emt 0:04:28]} exd4 {[%emt 0:01:14]} 6. cxd4 {[%emt 0:00:21]} Qxe4+ {[%emt 0:05:01]} 7. Kf2 {[%emt 0:00:39]} Qf5 {[%emt 0:34:00]} 8. dxc5 {[%emt 0:00:09]} Qxc5+ {[%emt 0:00:04]} 9. Be3 {[%emt 0:01:53]} Qh5 {[%emt 0:02:17]} 10. Bd4 {[%emt 0:03:11]} Nf6 {[%emt 0:00:21]} 11. Bxf6 {[%emt 0:04:23]} gxf6 {[%emt 0:00:02]} 12. Nc3 {[%emt 0:01:13]} Be6 {[%emt 0:03:33]} 13. Bb5+ {[%emt 0:04:12]} c6 {[%emt 0:04:09]} 14. Ne4 {[%emt 0:00:13]} Kf8 {[%emt 0:03:41]} 15. Qxd6+ {[%emt 0:02:39]} Kg7 {[%emt 0:00:00]} 16. Be2 {[%emt 0:02:59]} Qa5 {[%emt 0:03:08]} 17. b4 {[%emt 0:01:26]} Qb6+ {[%emt 0:00:18]} 18. Qc5 {[%emt 0:00:05]} Qc7 {[%emt 0:00:29]} 19. Nxf6 {[%emt 0:00:39]} Kxf6 {[%emt 0:02:43]} 20. Qg5# 1-0

[Event "2017 South African Open Ch"]
[Site "Durban"]
[Date "2017.07.19"]
[Round "8"]
[White "Mazibuko, Khanya"]
[Black "Zwakala, Ntando"]
[Result "0-1"]
[WhiteElo "1808"]
[BlackElo "2020"]
[Annotator "NA"]
[PlyCount "84"]
[EventDate "2017.??.??"]
[EventCountry "RSA"]
[SourceTitle "playchess.com"]
[Source "ChessBase"]
[SourceQuality "1"]
[TimeControl "5400+30"]

1. e4 {[%emt 0:00:00]} c5 {[%emt 0:00:09]} 2. Nc3 {[%emt 0:00:00]} e6 {[%emt 0:00:07]} 3. f4 {[%emt 0:00:01]} a6 {[%emt 0:00:38]} 4. g3 {[%emt 0:00:33]} d5 {[%emt 0:00:25]} 5. e5 {[%emt 0:01:05]} Nc6 {[%emt 0:00:55]} 6. Nf3 {[%emt 0:01:19]} h5 {[%emt 0:02:24]} 7. d3 {[%emt 0:01:22]} Nh6 {[%emt 0:00:47]} 8. Bg2 {[%emt 0:02:08]} Be7 {[%emt 0:00:18]} 9. O-O {[%emt 0:03:47]} h4 {[%emt 0:06:21]} 10. Ne2 {[%emt 0:04:15]} hxg3 {[%emt 0:01:23]} 11. Nxg3 {[%emt 0:02:12]} g6 {[%emt 0:00:59]} 12. c4 {[%emt 0:00:56]} Nf5 {[%emt 0:02:37]} 13. Nxf5 {[%emt 0:05:59]} gxf5 {[%emt 0:03:14]} 14. cxd5 {[%emt 0:01:33]} Qxd5 {[%emt 0:06:04]} 15. Be3 {[%emt 0:03:26]} Qd8 {[%emt 0:04:07]} 16. Rc1 {[%emt 0:06:15]} Qa5 {[%emt 0:01:47]} 17. d4 {[%emt 0:07:02]} Qxa2 {[%emt 0:06:56]} 18. Rf2 {[%emt 0:16:45]} Qa5 {[%emt 0:05:49]} 19. dxc5 {[%emt 0:06:17]} Bd7 {[%emt 0:03:19]} 20. Nd4 {[%emt 0:07:02]} O-O-O {[%emt 0:04:34]} 21. b4 {[%emt 0:13:48]} Qa3 {[%emt 0:28:59]} 22. Nc2 {[%emt 0:04:54]} Qc3 {[%emt 0:03:51]} 23. Qe2 {[%emt 0:01:38]} Qb3 {[%emt 0:08:42]} 24. Qf1 {[%emt 0:01:53]} Be8 {[%emt 0:01:12]} 25. Rd2 {[%emt 0:01:58]} Rxd2 {[%emt 0:00:49]} 26. Bxd2 {[%emt 0:00:01]} Rg8 {[%emt 0:00:36]} 27. Ne3 {[%emt 0:00:18]} Nd4 {[%emt 0:02:48]} 28. Kh1 {[%emt 0:02:04]} Bc6 {[%emt 0:01:25]} 29. Bxc6 {[%emt 0:00:30]} Nxc6 {[%emt 0:00:01]} 30. Rb1 {[%emt 0:01:20]} Qa2 {[%emt 0:00:33]} 31. Nc4 {[%emt 0:01:56]} Qc2 {[%emt 0:00:49]} 32. Re1 {[%emt 0:02:01]} Rd8 {[%emt 0:01:13]} 33. Be3 {[%emt 0:00:58]} Qe4+ {[%emt 0:00:14]} 34. Kg1 {[%emt 0:00:47]} Rg8+ {[%emt 0:00:09]} 35. Kf2 {[%emt 0:00:01]} Nxb4 {[%emt 0:01:26]} 36. Nd6+ {[%emt 0:01:23]} Bxd6 {[%emt 0:00:12]} 37. cxd6 {[%emt 0:00:18]} Nd3+ {[%emt 0:00:21]} 38. Ke2 {[%emt 0:00:26]} Nxe1 {[%emt 0:00:26]} 39. Qxe1 {[%emt 0:00:27]} Qc2+ {[%emt 0:01:19]} 40. Bd2 {[%emt 0:00:24]} Rg2+ {[%emt 0:00:38]} 41. Kf3 {[%emt 0:00:57]} Qc6+ {[%emt 0:00:35]} 42. Ke3 {[%emt 0:00:15]} Qe4# {[%emt 0:00:06] Kd4} 0-1

[Event "2017 South African Open Ch"]
[Site "Durban"]
[Date "2017.07.19"]
[Round "8"]
[White "Masiya, Mfundo"]
[Black "Skosana, Stephen K"]
[Result "0-1"]
[WhiteElo "1806"]
[BlackElo "2027"]
[Annotator "NA"]
[PlyCount "90"]
[EventDate "2017.??.??"]
[EventCountry "RSA"]
[SourceTitle "playchess.com"]
[Source "ChessBase"]
[SourceQuality "1"]
[TimeControl "5400+30"]

1. e4 {[%emt 0:00:00]} d6 {[%emt 0:00:55]} 2. d4 {[%emt 0:00:33]} e5 {[%emt 0:00:48]} 3. Nf3 {[%emt 0:01:28]} exd4 {[%emt 0:01:33]} 4. Nxd4 {[%emt 0:00:37]} Nf6 {[%emt 0:00:19]} 5. Nc3 {[%emt 0:00:10]} Be7 {[%emt 0:00:06]} 6. Bf4 {[%emt 0:00:11]} O-O {[%emt 0:01:04]} 7. Qd2 {[%emt 0:00:21]} c6 {[%emt 0:00:36]} 8. f3 {[%emt 0:00:17]} Qc7 {[%emt 0:02:20]} 9. g4 {[%emt 0:01:00]} b5 {[%emt 0:06:28]} 10. a3 {[%emt 0:00:19]} Rd8 {[%emt 0:00:32]} 11. h4 {[%emt 0:01:16]} a5 {[%emt 0:02:32]} 12. h5 {[%emt 0:00:56]} Nfd7 {[%emt 0:05:06]} 13. Nf5 {[%emt 0:05:33]} Ne5 {[%emt 0:00:15]} 14. Nxe7+ {[%emt 0:03:41]} Qxe7 {[%emt 0:06:15]} 15. Be2 {[%emt 0:00:46]} Ba6 {[%emt 0:11:44]} 16. Kf2 {[%emt 0:08:29]} Nbd7 {[%emt 0:05:41]} 17. Rag1 {[%emt 0:01:01]} b4 {[%emt 0:04:32]} 18. axb4 {[%emt 0:01:12]} axb4 {[%emt 0:04:13]} 19. Nd1 {[%emt 0:00:10]} Bxe2 {[%emt 0:00:13]} 20. Qxe2 {[%emt 0:00:15]} Nc5 {[%emt 0:00:28]} 21. g5 {[%emt 0:14:22]} b3 {[%emt 0:04:19]} 22. Kg3 {[%emt 0:18:44]} bxc2 {[%emt 0:09:21]} 23. Qxc2 {[%emt 0:01:10]} Ncd3 {[%emt 0:01:47]} 24. Be3 {[%emt 0:00:41]} d5 {[%emt 0:05:49]} 25. f4 {[%emt 0:01:40]} d4 {[%emt 0:00:35]} 26. Bd2 {[%emt 0:00:50]} Qc5 {[%emt 0:05:50]} 27. Qb1 {[%emt 0:02:28]} Re8 {[%emt 0:05:02]} 28. Rh4 {[%emt 0:05:15]} Qb5 {[%emt 0:06:06]} 29. fxe5 {[%emt 0:00:27]} Qxe5+ {[%emt 0:00:28]} 30. Kg2 {[%emt 0:02:14]} Qb5 {[%emt 0:03:01]} 31. Kh1 {[%emt 0:04:28]} ({Better is} 31. h6 $16) 31... Ne5 $11 {[%emt 0:00:16]} 32. Rh3 {[%emt 0:18:34]} Qe2 {[%emt 0:00:55]} 33. Rg2 {[%emt 0:00:14]} Qf1+ {[%emt 0:00:09]} 34. Kh2 {[%emt 0:00:05]} Nf3+ {[%emt 0:01:53]} 35. Kg3 {[%emt 0:01:15]} Nxd2 {[%emt 0:00:07]} 36. Rxd2 {[%emt 0:00:22]} Qe1+ {[%emt 0:00:30]} 37. Rf2 {[%emt 0:01:15]} Rxe4 {[%emt 0:01:04]} 38. Qd3 {[%emt 0:00:58]} Re3+ {[%emt 0:00:52]} 39. Nxe3 {[%emt 0:00:29]} dxe3 {[%emt 0:01:28]} 40. Rhh2 {[%emt 0:01:54]} exf2 {[%emt 0:00:42]} 41. Rxf2 {[%emt 0:00:04]} Qe5+ {[%emt 0:00:32]} 42. Kh4 {[%emt 0:01:40]} Ra4+ {[%emt 0:00:33]} 43. Kh3 {[%emt 0:00:10]} Qxg5 {[%emt 0:00:10]} 44. Qg3 {[%emt 0:01:42]} Qxh5+ {[%emt 0:00:17]} 45. Kg2 {[%emt 0:00:05]} Rg4 {[%emt 0:00:15]} 0-1

[Event "2017 South African Open Ch"]
[Site "Durban"]
[Date "2017.07.20"]
[Round "9"]
[White "Jere, Daniel"]
[Black "Mwali, Chitumbo"]
[Result "1/2-1/2"]
[WhiteElo "2380"]
[BlackElo "2356"]
[Annotator "NA"]
[PlyCount "81"]
[EventDate "2017.??.??"]
[EventCountry "RSA"]
[SourceTitle "playchess.com"]
[Source "ChessBase"]
[SourceQuality "1"]
[TimeControl "5400+30"]

{[%evp 13,78,4,7,32767,18,6,54,62,32767,32767,43,32767,32767,32767,32767,32767,32767,0,32767,32767,20,11,25,0,3,0,7,32767,32767,13,32767,32767,32767,32767,32767,32767,32767,33,75,41,45,22,41,42,43,16,27,13,18,20,24,22,34,12,30,0,15,0,0,0,0,0,0,0,7,0,8]} 1. c4 Nf6 {[%emt 0:00:33]} 2. Nf3 {[%emt 0:00:46]} c6 {[%emt 0:01:11]} 3. g3 {[%emt 0:00:13]} d5 {[%emt 0:00:25]} 4. Bg2 {[%emt 0:00:06]} Bf5 {[%emt 0:00:31]} 5. Qb3 {[%emt 0:03:13]} Qb6 {[%emt 0:00:57]} 6. cxd5 {[%emt 0:01:49] A11: English Opening: 1...c6} (6. d3 e6 7. O-O Be7 8. Qc2 O-O 9. cxd5 cxd5 10. Be3 Qa6 11. Rc1 Ng4 12. Bf4 Nc6 13. h3 Nf6 14. Ne5 Nxe5 15. Bxe5 {½-½ (47) Eljanov,P (2757)-Malakhov,V (2698) Novi Sad 2016}) 6... Qxb3 {[%emt 0:00:47]} 7. axb3 {[%emt 0:00:05]} Nxd5 {[%emt 0:00:27] LiveBook: 4 Games} 8. d3 {[%emt 0:00:38]} Nb4 {[%emt 0:03:56]} 9. Na3 {[%emt 0:00:45]} Nd7 {[%emt 0:00:25]} 10. Bd2 $146 {[%emt 0:00:31]} ({Predecessor:} 10. O-O e6 11. Bd2 Bg4 12. Nc4 Nd5 13. Rfc1 f6 {0-1 (40) Andersen,M (2467)-Hasenohr,B (2317) Biel 2015}) 10... e5 {[%emt 0:05:08]} 11. O-O {[%emt 0:00:07]} f6 {[%emt 0:03:07]} 12. d4 {[%emt 0:15:34]} e4 {[%emt 0:13:00]} 13. Nh4 {[%emt 0:06:42]} Be6 {[%emt 0:00:06]} 14. Bxe4 {[%emt 0:00:07]} Bxb3 {[%emt 0:00:03]} 15. Nf5 {[%emt 0:07:27]} g6 {[%emt 0:01:17]} 16. Ne3 {[%emt 0:00:25]} f5 {[%emt 0:08:16]} 17. Bb1 {[%emt 0:03:55]} Nb6 {[%emt 0:03:05]} 18. Nac2 {[%emt 0:04:13]} Nxc2 {[%emt 0:10:33]} 19. Bxc2 {[%emt 0:00:24]} Be6 {[%emt 0:18:29]} 20. Ng2 {[%emt 0:04:52]} Bg7 {[%emt 0:01:15]} 21. Nf4 {[%emt 0:01:12]} Bf7 {[%emt 0:00:02]} 22. e3 {[%emt 0:00:12]} a6 {[%emt 0:00:29]} 23. Nd3 {[%emt 0:01:54]} Nc4 {[%emt 0:00:44]} 24. Bb4 {[%emt 0:01:31]} O-O-O {[%emt 0:00:28]} 25. Rfc1 {[%emt 0:04:03]} Nd6 {[%emt 0:04:30]} 26. Nc5 {[%emt 0:01:41]} Bd5 {[%emt 0:02:19]} 27. Bd3 {[%emt 0:01:25]} Ne4 {[%emt 0:02:49]} 28. Na4 {[%emt 0:02:59]} Kb8 {[%emt 0:02:20]} 29. Nb6 {[%emt 0:01:21]} Bf7 {[%emt 0:00:18]} 30. Bxe4 {[%emt 0:06:24]} fxe4 {[%emt 0:00:08]} 31. Be7 {[%emt 0:01:03]} Rde8 {[%emt 0:00:34]} 32. Bd6+ {[%emt 0:01:21]} Ka7 {[%emt 0:00:08]} 33. Bc5 {[%emt 0:01:43]} Kb8 {[%emt 0:03:01]} 34. Bd6+ {[%emt 0:11:54]} Ka7 {[%emt 0:00:05]} 35. Nd7 {[%emt 0:00:39]} Rd8 {[%emt 0:02:26]} 36. Bc5+ {[%emt 0:00:32]} Ka8 {[%emt 0:00:03]} 37. Nb6+ {[%emt 0:00:57]} Kb8 {[%emt 0:00:27]} 38. Be7 {[%emt 0:01:13]} Rde8 {[%emt 0:00:12]} 39. Bd6+ $11 {[%emt 0:07:32]} Ka7 {[%emt 0:00:02]} 40. Bc5 {[%emt 0:01:29]} Kb8 {[%emt 0:00:16]} 41. Be7 1/2-1/2

[Event "2017 South African Open Ch"]
[Site "Durban"]
[Date "2017.07.20"]
[Round "9"]
[White "Makoto, Rodwell"]
[Black "Grover, Sahaj"]
[Result "0-1"]
[WhiteElo "2372"]
[BlackElo "2484"]
[Annotator "TA"]
[PlyCount "68"]
[EventDate "2017.??.??"]
[EventCountry "RSA"]
[SourceTitle "playchess.com"]
[Source "ChessBase"]
[SourceQuality "1"]

{[%evp 17,68,-21,0,-34,-32,-59,-77,-54,-58,-105,-104,-89,-84,-137,-129,-121,-125,-139,-128,-129,-124,-130,-125,-127,-100,-164,-89,-127,-122,-153,-157,-162,-161,-162,-138,-168,-146,-159,-137,-161,-175,-260,-282,-260,-237,-312,-336,-308,-290,-377,-370,-801,-790]} 1. Nf3 Nf6 2. c4 e6 3. g3 d5 4. Bg2 dxc4 5. O-O a6 6. a4 Nc6 7. Na3 {A13: English Opening: 1...e6} Na5 8. Qc2 Qd5 9. Rd1 Bd6 {LiveBook: 3 Games} 10. Nh4 $146 ({Predecessor:} 10. d4 Qe4 11. Qc3 Nb3 12. Qxc4 Nxa1 13. Nh4 Qg4 14. Bf3 Qh3 15. Bg2 Qg4 16. Bf3 {½-½ (16) Maze,S (2619)-Ider,B (2456) Chartres 2017}) 10... Qc5 11. d4 cxd3 $1 12. Qxd3 {Hoping for Be3.} Ng4 13. Qf3 Ne5 14. Qe4 f5 $36 {[%mdl 2048] Black is really pushing.} 15. Qe3 (15. Qf4 $142) 15... Qxe3 16. Bxe3 {[#]} Bd7 $1 17. Nc2 Nb3 18. Ra2 O-O-O 19. Nd4 Nxd4 20. Bxd4 Rhg8 21. b4 {[#]} (21. Bc3 $17) 21... Bc6 ({Black should try} 21... Nc6 $1 $19 22. Bxc6 Bxc6) 22. Bxe5 Bxe5 23. Rxd8+ Rxd8 24. Bxc6 {Threatens to win with Bg2.} bxc6 $17 {[%mdl 4096] Endgame KRB-KRN} 25. Nf3 Bf6 26. Rc2 Rd1+ 27. Kg2 Kb7 28. Nd2 Be7 29. Rb2 (29. Nb3 {keeps fighting.}) 29... Ra1 $19 30. b5 a5 {[%cal Ba6a5,Ba5a4,Ba4a3][%mdl 32]} 31. Rc2 cxb5 ({Don't take} 31... Rxa4 32. Rxc6 Rb4 33. Rxe6 $19) 32. axb5 a4 33. Rc6 a3 34. Rxe6 $2 (34. Ra6 a2 35. Nc4) 34... Bd6 {Precision: White = 28%, Black = 83%.} 0-1

[Event "2017 South African Open Ch"]
[Site "Durban"]
[Date "2017.07.20"]
[Round "9"]
[White "Oatlhotse, Providence"]
[Black "Masango, Spencer"]
[Result "0-1"]
[WhiteElo "2190"]
[BlackElo "2203"]
[Annotator "NA"]
[PlyCount "142"]
[EventDate "2017.??.??"]
[EventCountry "RSA"]
[SourceTitle "playchess.com"]
[Source "ChessBase"]
[SourceQuality "1"]
[TimeControl "5400+30"]

1. d4 {[%emt 0:00:00]} Nf6 {[%emt 0:05:25]} 2. c4 {[%emt 0:00:00]} e6 {[%emt 0:00:11]} 3. Nf3 {[%emt 0:00:00]} d5 {[%emt 0:00:14]} 4. Nc3 {[%emt 0:00:56]} Be7 {[%emt 0:00:11]} 5. Bg5 {[%emt 0:00:41]} Ne4 {[%emt 0:03:19]} 6. Bxe7 {[%emt 0:01:14]} Qxe7 {[%emt 0:00:08]} 7. e3 {[%emt 0:02:03]} Nxc3 {[%emt 0:01:01]} 8. bxc3 {[%emt 0:00:03]} O-O {[%emt 0:00:22]} 9. cxd5 {[%emt 0:04:56]} exd5 {[%emt 0:00:15]} 10. Qb3 {[%emt 0:00:02] LiveBook: 15 Games} c6 {[%emt 0:00:52]} 11. Bd3 {[%emt 0:03:02] D55: Queen's Gambit Declined: 4 Bg5 Be7: Lines without ...h6 and 6...h6 7 Bxf6} (11. Be2 Be6 12. O-O Rc8 13. Rfc1 Rc7 14. c4 Qd8 15. cxd5 Bxd5 16. Qc2 Be6 17. h3 Nd7 18. e4 Rac8 {1-0 (36) Kacheishvili,G (2603)-Lein,A (2420) Las Vegas 2003}) 11... a5 $146 {[%emt 0:03:57]} 12. a4 {[%emt 0:00:51]} Nd7 {[%emt 0:01:39]} 13. O-O {[%emt 0:00:50]} b6 {[%emt 0:00:19]} 14. Rfb1 {[%emt 0:07:56]} Rb8 {[%emt 0:13:43]} 15. Ra2 {[%emt 0:10:21]} Bb7 {[%emt 0:02:53]} 16. Rab2 {[%emt 0:19:15]} g6 {[%emt 0:04:01]} 17. Qc2 {[%emt 0:06:38]} Ba8 {[%emt 0:04:52]} 18. Re1 {[%emt 0:07:28]} Qd6 {[%emt 0:04:46]} 19. Nd2 {[%emt 0:03:46]} c5 {[%emt 0:01:17]} 20. Bb5 {[%emt 0:02:27]} cxd4 {[%emt 0:00:56]} 21. cxd4 {[%emt 0:00:54]} Rbc8 {[%emt 0:00:25]} 22. Qb1 {[%emt 0:04:21]} Bc6 {[%emt 0:01:12]} 23. Qa2 {[%emt 0:00:31]} Bxb5 {[%emt 0:00:33]} 24. Rxb5 {[%emt 0:00:08]} Nf6 {[%emt 0:00:07]} 25. Nf3 {[%emt 0:12:31]} Ne4 {[%emt 0:08:05]} 26. Qb3 {[%emt 0:06:00]} ({Reject} 26. Rxd5 Qe6 $17) 26... Rc3 {[%emt 0:01:10]} 27. Qb2 {[%emt 0:01:40]} Qa3 {[%emt 0:01:43]} 28. Rxb6 {[%emt 0:01:43]} Qxa4 {[%emt 0:01:05]} 29. Rb8 {[%emt 0:00:25]} Rc2 {[%emt 0:04:22]} 30. Rxf8+ {[%emt 0:00:30]} Kxf8 {[%emt 0:00:08]} 31. Qb8+ {[%emt 0:00:05]} Qe8 {[%emt 0:00:09]} 32. Qb7 {[%emt 0:02:22]} a4 {[%emt 0:01:41]} 33. Qxd5 {[%emt 0:00:31]} Nc3 {[%emt 0:05:36]} 34. Qb7 {[%emt 0:00:39]} Qb5 {[%emt 0:01:16]} 35. Qa8+ {[%emt 0:00:15]} Kg7 {[%emt 0:00:09]} 36. h4 {[%emt 0:00:18]} Ne2+ {[%emt 0:04:03]} 37. Kh2 {[%emt 0:00:24]} Nc1 {[%emt 0:01:38]} 38. Ne5 {[%emt 0:01:25]} Nb3 {[%emt 0:00:03]} (38... h5 $11) 39. Qa7 {[%emt 0:01:03]} (39. Kg1 $16) 39... Rxf2 {[%emt 0:00:42]} 40. Qe7 {[%emt 0:00:37]} (40. h5 $11 gxh5 41. Qe7) 40... Qd5 {[%emt 0:01:00]} 41. e4 {[%emt 0:01:02]} Qe6 {[%emt 0:02:23]} 42. Qxe6 {[%emt 0:00:07]} fxe6 {[%emt 0:00:08]} 43. Re3 {[%emt 0:00:52]} Nxd4 $15 {[%emt 0:01:19]} 44. Ra3 {[%emt 0:00:13]} Rf4 {[%emt 0:03:08]} 45. Rxa4 {[%emt 0:00:03]} Rxe4 {[%emt 0:00:25]} 46. Ra7+ {[%emt 0:00:12]} Kf6 {[%emt 0:02:13]} 47. Nd7+ {[%emt 0:00:20]} Kf5 {[%emt 0:00:08]} 48. g3 {[%emt 0:01:43]} Re2+ {[%emt 0:00:25]} 49. Kh3 {[%emt 0:00:29]} h5 {[%emt 0:00:20]} 50. Ra3 {[%emt 0:00:34]} Rf2 {[%emt 0:01:20]} 51. Ra5+ {[%emt 0:00:29]} Ke4 {[%emt 0:02:56]} 52. Re5+ {[%emt 0:00:03]} Kd3 {[%emt 0:00:25]} 53. Rg5 {[%emt 0:00:44]} Nf3 {[%emt 0:01:07]} 54. Ne5+ {[%emt 0:00:04]} Nxe5 {[%emt 0:00:08]} 55. Rxe5 {[%emt 0:00:01]} Rf6 {[%emt 0:00:09]} 56. g4 {[%emt 0:01:35]} Kd4 {[%emt 0:01:54]} 57. Re1 {[%emt 0:00:01]} Rf3+ {[%emt 0:03:24]} 58. Kg2 {[%emt 0:00:06]} Re3 {[%emt 0:00:21]} 59. Rd1+ {[%emt 0:00:19]} Rd3 {[%emt 0:00:54]} 60. Re1 {[%emt 0:00:04]} e5 {[%emt 0:00:16]} 61. Ra1 {[%emt 0:01:15]} hxg4 {[%emt 0:01:48]} 62. Ra4+ {[%emt 0:00:04]} Ke3 {[%emt 0:00:20]} 63. Rxg4 {[%emt 0:00:05]} Rd6 {[%emt 0:00:08]} 64. Kg3 {[%emt 0:01:31]} e4 {[%emt 0:00:26]} 65. Rg5 {[%emt 0:00:22]} Kd3 {[%emt 0:00:59]} 66. Kf4 {[%emt 0:01:02]} e3 {[%emt 0:00:10]} 67. Rg3 {[%emt 0:00:40]} Re6 {[%emt 0:00:10]} 68. Rh3 {[%emt 0:00:37]} Kd2 {[%emt 0:00:13]} 69. h5 {[%emt 0:00:26]} gxh5 {[%emt 0:00:10]} 70. Rxh5 {[%emt 0:00:07]} e2 {[%emt 0:00:05]} 71. Rd5+ {[%emt 0:00:34]} Kc3 {[%emt 0:00:09]} 0-1

[Event "2017 South African Open Ch"]
[Site "Durban"]
[Date "2017.07.20"]
[Round "9"]
[White "Solomons, Deon"]
[Black "Pon, Matt"]
[Result "0-1"]
[WhiteElo "2120"]
[BlackElo "2163"]
[Annotator "TA"]
[PlyCount "104"]
[EventDate "2017.??.??"]
[EventCountry "RSA"]
[SourceTitle "playchess.com"]
[Source "ChessBase"]
[SourceQuality "1"]

{[%evp 16,104,-7,-24,-12,-36,-2,23,20,13,34,20,40,31,36,36,32,22,66,62,62,61,58,57,64,-51,-37,-37,-37,-37,-37,-26,-25,-20,-24,-47,-31,-47,-46,-23,-25,-22,-27,-63,-15,-158,-141,-190,-147,-240,-236,-356,-332,-349,-340,-348,-327,-344,-332,-355,-359,-356,-345,-347,-358,-431,-414,-540,-529,-625,-584,-597,-481,-396,-454,-495,-486,-553,-522,-539,-533,-664,-700,-588,-571,-560,-521,-29987,-29988,-29988,-513]} 1. Nf3 c5 2. g3 Nc6 3. Bg2 g6 4. O-O Bg7 5. e4 e5 6. d3 Nge7 7. c4 O-O 8. Nc3 d6 9. h3 h6 {A37: Symmetrical English vs ...g6: 4 Bg2 Bg7 5 Nf3} 10. Nd5 (10. Be3 Kh7 11. Qd2 Nd4 12. Bxd4 cxd4 13. Nd5 Nxd5 14. cxd5 Qb6 15. Rac1 Bd7 {½-½ (15) Ragolta Franco,E (2301)-Pina Vega,S (2332) Havana 2013}) 10... Nxd5 11. cxd5 Ne7 {White has an edge.} 12. Nd2 $146 ({Predecessor:} 12. Bd2 f5 13. b4 b6 14. a4 Ba6 15. b5 Bc8 16. Qb3 Bd7 17. a5 {1-0 (36) Lee,K (1717)-Koh,M (1939) Penang 2016}) 12... f5 13. a4 f4 14. Rb1 a5 15. Kh2 Kh7 16. Nc4 g5 17. b3 Ng8 18. Bf3 Nf6 19. Rg1 b6 20. g4 (20. gxf4 $14 exf4 21. Bb2) 20... Ne8 21. Kg2 Bf6 22. Kf1 Qc7 23. Ke2 Bd8 24. Bb2 Qb8 25. Kf1 Ra7 26. Kg2 Rg7 27. Qc2 Rh8 28. Rbc1 Bd7 29. Ra1 Kg8 30. d4 (30. Rh1 $11) 30... exd4 31. Rge1 Bf6 32. Re2 (32. Rh1 $17) 32... Be5 $19 33. b4 (33. Rh1 {was called for.}) 33... axb4 34. a5 Bb5 35. axb6 Bxc4 36. Qxc4 Qxb6 37. Ra6 Qb7 38. Re1 Kh7 39. Rea1 Nf6 {[%cal Be8f6,Bf6g8,Bg8e7,Be7g6,Bg6f4][%mdl 32]} 40. Bd1 {[#]} f3+ $1 41. Bxf3 Rf8 42. Be2 Qf7 ({Not} 42... Nxe4 43. Bd3 $15) 43. f3 Ng8 44. Bc1 Ne7 45. Ra7 Qf6 46. R1a2 Rff7 47. Ra8 Ng6 {[#] Threatens to win with ...Nh4+.} 48. Re8 d3 49. Qxd3 Nf4+ 50. Bxf4 Qxf4 51. Raa8 Qh2+ 52. Kf1 Qh1+ {Precision: White = 28%, Black = 77%.} 0-1

[Event "2017 South African Open Ch"]
[Site "Durban"]
[Date "2017.07.20"]
[Round "9"]
[White "Bhawoodien, Mohamed Ozayr"]
[Black "Mnguni, Jacob Dumisani"]
[Result "1/2-1/2"]
[WhiteElo "2103"]
[BlackElo "2147"]
[Annotator "NA"]
[PlyCount "35"]
[EventDate "2017.??.??"]
[EventCountry "RSA"]
[SourceTitle "playchess.com"]
[Source "ChessBase"]
[SourceQuality "1"]
[TimeControl "5400+30"]

{[%evp 12,29,59,32767,64,32767,32767,32767,66,32767,70,59,56,38,32767,63,72,27,28,19]} 1. d4 {[%emt 0:05:14]} d5 {[%emt 0:04:09]} 2. c4 {[%emt 0:00:09]} c6 {[%emt 0:00:04]} 3. Nf3 {[%emt 0:00:03]} Nf6 {[%emt 0:00:29]} 4. e3 {[%emt 0:00:06]} Bf5 {[%emt 0:02:20]} 5. cxd5 {[%emt 0:00:33]} cxd5 {[%emt 0:01:09]} 6. Qb3 {[%emt 0:00:33]} Qb6 {[%emt 0:03:32] LiveBook: 67 Games} (6... Qc7 $5 {[%cal Rc7c1]} 7. Nc3 e6 $11) 7. Qxb6 {[%emt 0:00:52]} axb6 {[%emt 0:01:07]} 8. Nc3 {[%emt 0:01:35]} Nc6 {[%emt 0:00:26]} 9. Bb5 {[%emt 0:00:13]} Bd7 {[%emt 0:09:00]} 10. Bd2 {[%emt 0:06:31]} Ra5 {[%emt 0:08:23]} 11. O-O {[%emt 0:11:44]} e6 {[%emt 0:02:20]} 12. a3 {[%emt 0:04:09]} Be7 {[%emt 0:06:20]} 13. Bd3 {[%emt 0:17:34]} Ra8 {[%emt 0:00:06]} 14. b4 {[%emt 0:14:28]} O-O {[%emt 0:00:22]} 15. Rfc1 $11 {[%emt 0:06:16]} Rfd8 {[%emt 0:09:40]} 16. h3 {[%emt 0:00:46]} Be8 {[%emt 0:00:18]} 17. Be1 {[%emt 0:05:21]} Rdc8 {[%emt 0:03:16]} 18. Kf1 {[%emt 0:03:15]} 1/2-1/2